Statistics for Countries With The Most Green-Eyed People

Click here to take the quiz!

General Stats

  • This quiz has been taken 60 times
  • The average score is 18 of 20

Answer Stats

%Country% Correct
28Finland
98%
46Ireland
98%
35Norway
98%
32Sweden
98%
42United Kingdom
98%
33Denmark
96%
29Iceland
96%
24Belgium
94%
22France
94%
32Russia
92%
32Estonia
91%
26Germany
91%
20Poland
91%
30Latvia
87%
28Lithuania
87%
28Luxembourg
87%
27Netherlands
87%
25Ukraine
85%
21Austria
81%
30Belarus
77%

Score Distribution

Percentile by Number Answered

Percent of People with Each Score

Your Score History

You have not taken this quiz